|
|
|
|
| LEADER |
01021ca a2200289 4500 |
| 001 |
000030724 |
| 003 |
4419 |
| 005 |
20221108094952.0 |
| 008 |
151001s2005 000 eng |
| 020 |
|
|
|a 0072970731
|
| 041 |
|
|
|a eng
|
| 082 |
|
|
|a 420.8
|b MO-G
|
| 100 |
|
|
|a Moss, Glenda
|
| 245 |
|
0 |
|a Critical Reading in the Content Areas 04/05 /
|c Glenda Moss.
|
| 250 |
|
|
|a 1st Edition
|
| 260 |
|
|
|a Oxford University :
|b McGraw-hill,
|c 2005.
|
| 300 |
|
|
|a 239p. :
|b ill. ;
|a 30cm.
|
| 650 |
|
|
|a Critical Reading in the Content Areas
|a Critical Reading
|a Reading in the Content Areas
|
| OWN |
|
|
|a LNN
|
| AVA |
|
|
|a UDN50
|b LNN
|c English
|d 420.8 MO-G
|e available
|t Error 5001 Not defined in file expand_doc_bib_avail.
|f 4
|g 0
|h N
|i 0
|j AN
|
| 999 |
|
|
|a From the UDN01
|
| AVA |
|
|
|a UDN50
|b LNN
|c English
|d 420.8 MO-G
|e available
|t Error 5001 Not defined in file expand_doc_bib_avail.
|f 4
|g 0
|h N
|i 0
|j AN
|
| TYP |
|
|
|a Printed language
|
| 980 |
|
|
|a Mạng thư viện Đại học Đà Nẵng
|